អង់គ្លេស (Record no. 8462)

000 -LEADER
fixed length control field 00259nam a22001097a 4500
040 ## - CATALOGING SOURCE
Transcribing agency HS
082 ## - DEWEY DECIMAL CLASSIFICATION NUMBER
Classification number 495
100 ## - MAIN ENTRY--AUTHOR NAME
Personal name សិរិ ម៉ារឌី
245 ## - TITLE STATEMENT
Title អង់គ្លេស
260 ## - PUBLICATION, DISTRIBUTION, ETC. (IMPRINT)
Place of publication RUA
Name of publisher សិរិ ម៉ារឌី
Year of publication 2009
942 ## - ADDED ENTRY ELEMENTS (KOHA)
Koha item type សៀវភៅភាសាអង់គ្លេស
952 ## - LOCATION AND ITEM INFORMATION (KOHA)
Withdrawn status [LOCAL, KOHA] 0
952 ## - LOCATION AND ITEM INFORMATION (KOHA)
Withdrawn status [LOCAL, KOHA] 0
952 ## - LOCATION AND ITEM INFORMATION (KOHA)
Withdrawn status [LOCAL, KOHA] 0
Holdings
Permanent Location Date acquired Koha item type Lost status Shelving location Barcode Current Location Full call number
Library Block C2016-08-02សៀវភៅភាសាអង់គ្លេស C185RUA061672Library Block C495 សិរិ 2009 C185 Or.1
Library Block C2016-08-02សៀវភៅភាសាអង់គ្លេស C185RUA061899Library Block C495 សិរិ 2009 C185 Or.2
Library Block C2016-08-02សៀវភៅភាសាអង់គ្លេស C185RUA047104Library Block C495 សិរិ 2009 C185 Or.3
មជ្ឈមណ្ឌលឯការនៃសាកលវិទ្យាល័យភូមិន្ទកសិកម្មចំការដូង

Powered by Koha